1951 1726 1684 1313 1447 1868 1399 1503 1235 1008 1950 1320 1605 1009 1074 1926 1673 1242 1023 1529 1075 1610 1916 1067 1732 1282 1303 1332 1515 1846 1694 1616 1422 1724 1413 1916 1649 1963 1640 1716 1105 1053 1601 1317 1728 1707 1934 1789 1179 1801 1766 1081 1243 1980 1074 1255 1694 1589 1696 1411 1067 1844 1439 1357 1145 1211 1875 1326 1336 1000 1000 1590 1566 1989 1084 1684 1517 1153 1160 1575 1668 1217 1078 1660 1849 1825 1918 1544 1593 1744 1933 1829 1955 1406 1492 1421 1768 1701 1182 BCNSPRNW ULIB Ver.6.0+V

เปลี่ยนเป็นภาษาไทย

Change to English
 แสดงรายละเอียดบรรณานุกรม
  กลับหน้าหลัก

Brief Record : Get Marc (ISO 2709) : E-mail record : QR code < ปิดหน้าต่าง
LEADER : 00000nam 2200000uu 4500
001    13399123785
003     ULIB
008    120829s2557||||th 000 0 tha d
020    ^a9749626931
020    ^a9789749626931
060 04 ^aWY150^bค127ก ล.4
110 2  ^aกระทรวงสาธารณสุข. ^bสถาบันพระบรมราชชนก.^bโครงการสวัสดิการวิชาการ
245 10 ^aการพยาบาลผู้ใหญ่และผู้สูงอายุ เล่ม 4 /^cสถาบันพระบรมราชชนกกระทรวงสาธารณสุข
250    ^aพิมพ์ครั้งที่ 12 (ปรับปรุงครั้งที่1)
260    ^aนนทบุรี :^bโครงการสวัสดิการวิชาการ สถาบันพระบรมราชชนกกระทรวงสาธารณสุข,^c2557
300    ^a[12], 375 หน้า :^bภาพประกอบ ;^c26 ซม.
650  2 ^aGeriatric Nursing
650  7 ^aการพยาบาลผู้สูงอายุ
650  7 ^aการพยาบาลเวชศาสตร์วัยชรา
650  7 ^aผู้สูงอายุ
650  7 ^aภาวะฉุกเฉิน^xการพยาบาล
945    ^p150^l0^i22051
945    ^p150^l0^i22052
945    ^p150^l0^i22053
945    ^p150^l0^i22054
945    ^p150^l0^i22055
945    ^p150^l0^i22056
945    ^p150^l0^i22057
945    ^p150^l0^i22058
945    ^p150^l0^i22059
945    ^p150^l0^i22060
995    ทศพร
999 ^a ใช้งานได้ทุกระบบ
รายการนี้ยังไม่มีแท็ก
คุณยังไม่ได้ล็อกอิน คุณสามารถมีกิจกรรมร่วมกับเว็บไซต์ได้ แต่ต้องล็อกอินก่อน ::
  ล็อกอิน

รายการสื่อสารสนเทศ

ลำดับที่ ประเภท เลขเรียก/บาร์โค้ด สถานที่ สถานะ
1. Book การพยาบาล
หนังสือสำรอง
สถานะ=หนังสือสำรอง
WY150 ค127ก ล.4 ฉ.1 
  Barcode: 22051
ห้องสมุดวิทยาเขตนครสวรรค์
►ส่วนจัดเก็บหนังสือเก่า นว.
บนชั้น
  ขอยืม
2. Book การพยาบาล
Book การพยาบาล
WY150 ค127ก ล.4 ฉ.10 
  Barcode: 22060
ห้องสมุดวิทยาเขตนครสวรรค์
►ส่วนจัดเก็บหนังสือเก่า นว.
บนชั้น
  ขอยืม
3. Book การพยาบาล
Book การพยาบาล
WY150 ค127ก ล.4 ฉ.2 
  Barcode: 22052
ห้องสมุดวิทยาเขตนครสวรรค์
►ส่วนจัดเก็บหนังสือเก่า นว.
บนชั้น
  ขอยืม
4. Book การพยาบาล
Book การพยาบาล
WY150 ค127ก ล.4 ฉ.3 
  Barcode: 22053
ห้องสมุดวิทยาเขตนครสวรรค์
►ส่วนจัดเก็บหนังสือเก่า นว.
บนชั้น
  ขอยืม
5. Book การพยาบาล
Book การพยาบาล
WY150 ค127ก ล.4 ฉ.4 
  Barcode: 22054
ห้องสมุดวิทยาเขตนครสวรรค์
►ส่วนจัดเก็บหนังสือเก่า นว.
บนชั้น
  ขอยืม
6. Book การพยาบาล
Book การพยาบาล
WY150 ค127ก ล.4 ฉ.5 
  Barcode: 22055
ห้องสมุดวิทยาเขตนครสวรรค์
►ส่วนจัดเก็บหนังสือเก่า นว.
บนชั้น
  ขอยืม
7. Book การพยาบาล
Book การพยาบาล
WY150 ค127ก ล.4 ฉ.6 
  Barcode: 22056
ห้องสมุดวิทยาเขตนครสวรรค์
►ส่วนจัดเก็บหนังสือเก่า นว.
ถูกยืม กำหนดส่งวันที่ 4 สิงหาคม 2568
  จอง
8. Book การพยาบาล
Book การพยาบาล
WY150 ค127ก ล.4 ฉ.7 
  Barcode: 22057
ห้องสมุดวิทยาเขตนครสวรรค์
►ส่วนจัดเก็บหนังสือเก่า นว.
บนชั้น
  ขอยืม
9. Book การพยาบาล
Book การพยาบาล
WY150 ค127ก ล.4 ฉ.8 
  Barcode: 22058
ห้องสมุดวิทยาเขตนครสวรรค์
►ส่วนจัดเก็บหนังสือเก่า นว.
บนชั้น
  ขอยืม
10. Book การพยาบาล
Book การพยาบาล
WY150 ค127ก ล.4 ฉ.9 
  Barcode: 22059
ห้องสมุดวิทยาเขตนครสวรรค์
►ส่วนจัดเก็บหนังสือเก่า นว.
บนชั้น
  ขอยืม

รายการใกล้เคียง
    หัวเรื่อง [Geriatric Nursing]
    หัวเรื่อง [การพยาบาลผู้สูงอายุ]
    หัวเรื่อง [การพยาบาลเวชศาสตร์วัยชรา]
    หัวเรื่อง [ผู้สูงอายุ]

BibComment


ยังไม่เคยถูกคอมเมนท์

คอมเมนท์ทรัพยากรรายการนี้
  คอมเมนท์: การพยาบาลผู้ใหญ่..


 Copyright 2026. Bcnsprnw @Library